000 01861cad a22002535a 4500
001 L159454
008 170725s2013 xxk f 000 0 eng d
020 _a9781315841106
035 _a(Sirsi) u159454
041 _aeng
050 _a692.2
100 _aBarritt, C.M.H.
245 4 _aThe building acts and regulations applied
_bbuildings for public assembly and residential use
_h[electronic resource]
260 _aAbingdon
_bRoutldge
_c2013
300 _aebook
520 _aForms part of a unique, highly practical and time-saving three volume presentation of the Building Regulations, each book covering all the regulations relating to specific building usage. The chapters of each volume form self-contained units covering all the Regulation requirements applicable to a particular part of a building; thus the reader can ensure that all the Regulations are fully met. Also included is a digest of published standards, guides and technical information as well as reviews of the new Eurocodes currently being introduced. The Building Acts and Regulations Applied: Buildings for Public Assembly and Residential Use covers all the regulations relating to buildings used for public assembly or residential purposes (other than houses and flats), such as theatres, sports stadia, hotels, prisons and halls of residence. It is a useful course companion for BTEC HNC/D and degree courses in building, architecture, surveying, estate management and other built environment disciplines. It is also an ideal reference source for all professionals working in these areas.
650 2 4 _aEBOOK
650 _aBUILDING ACTS
651 4 _aENGLAND AND WALES
690 _aBuilding control
_96222
690 _aBuilding regulations
_96224
856 4 0 _uhttps://www.vlebooks.com/
_zView on VLEbooks. Logins for members only from [email protected]
942 _n0
999 _c115914
_d115914